Statystyki dla Quiz o Sudetach

Kliknij tutaj aby rozwiązać quiz!

Ogólne statystyki

  • Ten quiz został rozwiązany 189 razy
    (176 od ostatniego zresetowania)
  • Średni wynik to 12 z 27

Statystyki odpowiedzi

WskazówkaOdpowiedź% Poprawnych
Państwa przez które przebiegają Sudety.Polska
98%
Najwyższy szczyt.Śnieżka
98%
Państwa przez które przebiegają Sudety.Czechy
97%
Państwa przez które przebiegają Sudety.Niemcy
92%
Na jakie części dzielą się Sudety?Sudety {Wschodnie}
78%
Na jakie części dzielą się Sudety?Sudety {Zachodnie}
78%
Pasmo Górskie gdzie znajdziemy liczne formacje skalne, w tym naturalne tunele.Góry {Stołowe}
77%
Na jakie części dzielą się Sudety?Sudety {Środkowe}
68%
Pasma Górskie które należą do Wysokich Sudetów.Masyw Śnieżnika
58%
Pasma Górskie które należą do Wysokich Sudetów.Karkonosze
55%
3 Największe kotliny w Sudetach.Kotlina {Kłodzka}
51%
Wysokie, lecz nie strome pasmo górskie.Góry {Izerskie}
50%
3 Największe kotliny w Sudetach.Kotlina {Jeleniogórska}
43%
Nazwy pasm górskich w Sudetach, których nazwy pochodzą od nazw miast.Góry {Wałbrzyskie}
41%
Niskie pasmo górskie w którym znajdują się wygasłe wulkany.Góry {Kaczawskie}
35%
Nazwy pasm górskich w Sudetach, których nazwy pochodzą od nazw miast.Góry {Bystrzyckie}
30%
Nazwy pasm górskich w Sudetach, których nazwy pochodzą od nazw miast.Góry {Bardzkie}
29%
Gatunek owcy dziko występujący w Sudetach.Muflon
28%
Najwyżej położone schronisko górskie w Sudetach.Dom Śląski
25%
Nazwy pasm górskich w Sudetach, których nazwy pochodzą od nazw miast.Góry {Opawskie}
23%
Najwyższa góra, która nie jest w Karkonoszach.Pradziad
19%
Góra w Sudetach, z którą powiązane są różne historie i tajemnice.Ślęża
19%
Pasma Górskie które należą do Wysokich Sudetów.Wysoki Jesionik
16%
3 Największe kotliny w Sudetach.Kotlina {Kamiennogórska}
13%
Na jakie części dzielą się Sudety?Przedgórze Sudeckie
13%
Z jakiego kraju pochodzi nazwa "Sudety"?Grecja
8%
Największe miasto w Sudetach.Drezno
5%

Rozkład punktacji

Percentyl według liczby udzielonych odpowiedzi

Procent ludzi z każdym wynikiem

Twoja historia wyników

Nie rozwiązałeś tego quizu od ostatniego zresetowania